00545nam a2200181 4500003001100000005001700011008004100028040003900069041000800108082001700116100002200133245005300155260006600208490002600274650001000300650002600310650002700336LK-CoMWRAF20230910063815.0230910b2020 |||||||| |||| 00| 0 eng d aLK-CoMWRAFdLK-CoMWRAFeLK-CoMWRAF aeng a346.016bZAC aZackariya, Faizun aA Woman's right to be a Quazi judge in Sri Lanka aColombo : bMuslim women’s research and action forum,c2020 aRe-reading verse 4:43 aQuazi aMuslim women-Marriage aMuslim women-Sri Lanka